Protocol (Record no. 115253)

MARC details
000 -LEADER
fixed length control field 01242cam a22002535a 4500
001 - CONTROL NUMBER
control field L158298
008 - FIXED-LENGTH DATA ELEMENTS--GENERAL INFORMATION
fixed length control field 141201s2014 xxk f 000 0 eng d
035 ## - SYSTEM CONTROL NUMBER
System control number (Sirsi) u158298
041 0# - LANGUAGE CODE
Language code of text/sound track or separate title eng
110 2# - MAIN ENTRY--CORPORATE NAME
Corporate name or jurisdiction name as entry element Investment Property Forum
9 (RLIN) 2112
245 00 - TITLE STATEMENT
Title Protocol
Remainder of title Open market investment agency
Medium [electronic resource]
260 ## - PUBLICATION, DISTRIBUTION, ETC.
Place of publication, distribution, etc. London
-- Investment Property Forum
Date of publication, distribution, etc. 2014
520 ## - SUMMARY, ETC.
Summary, etc. Sets guidance on good practice relating to open market property investment sales and acquisitions. The Protocol aims to avoid potential conflicts of interest by ensuring principles of transparency and honesty between parties at all times. The Protocol accords with RICS ethical standards and the RICS Real estate agency and brokerage guidance, 2nd edition, which contains mandatory equirements for RICS Members and RICS Regulated Firms.
590 ## - LOCAL NOTE (RLIN)
Local note KA
650 24 - SUBJECT ADDED ENTRY--TOPICAL TERM
Topical term or geographic name entry element CONFLICT OF INTEREST
650 24 - SUBJECT ADDED ENTRY--TOPICAL TERM
Topical term or geographic name entry element TRANSPARENCY
650 24 - SUBJECT ADDED ENTRY--TOPICAL TERM
Topical term or geographic name entry element ETHICS
650 24 - SUBJECT ADDED ENTRY--TOPICAL TERM
Topical term or geographic name entry element RICS
651 #4 - SUBJECT ADDED ENTRY--GEOGRAPHIC NAME
Geographic name United Kingdom
Chronological subdivision
690 ## - LOCAL SUBJECT ADDED ENTRY--TOPICAL TERM (OCLC, RLIN)
Topical term or geographic name as entry element Investments
9 (RLIN) 6250
690 ## - LOCAL SUBJECT ADDED ENTRY--TOPICAL TERM (OCLC, RLIN)
Topical term or geographic name as entry element Business and management
856 40 - ELECTRONIC LOCATION AND ACCESS
Uniform Resource Identifier <a href="https://www.ipf.org.uk/MainWebSite/Resources/Document/Protocol%20final%2026.11.2014.doc.pdf">https://www.ipf.org.uk/MainWebSite/Resources/Document/Protocol%20final%2026.11.2014.doc.pdf</a>
Public note View the item free of charge from thewww.ipf.org.uk website.
942 ## - ADDED ENTRY ELEMENTS (KOHA)
Suppress in OPAC 0
Holdings
Withdrawn status Lost status Source of classification or shelving scheme Damaged status Not for loan Home library Current library Shelving location Date acquired Total Checkouts Full call number Barcode Date last seen Copy number Price effective from Koha item type
    Dewey Decimal Classification     Virtual Virtual Online 01/12/2014   ONLINE PUBLICATION 158298-2001 06/08/2019 1 06/08/2019 Book